Joueurs français ayant gagné la ligue des champions - Statistiques

Statistiques générales
  • Ce quiz a été pris 196 fois
    188 depuis la dernière actualisation
  • Le résultat moyen est 39 sur 63
Statistiques - réponses
Année Club Joueur % Correct
2025 Paris Saint-Germain Désiré Doué
96%
2025 Paris Saint-Germain Ousmane Dembélé
96%
2022 Real Madrid Karim Benzema
92%
2018 Real Madrid Karim Benzema
92%
2017 Real Madrid Karim Benzema
92%
2016 Real Madrid Karim Benzema
92%
2014 Real Madrid Karim Benzema
92%
2024 Real Madrid Aurélien Tchouaméni
91%
2025 Paris Saint-Germain Bradley Barcola
89%
2024 Real Madrid Eduardo Camavinga
89%
2022 Real Madrid Eduardo Camavinga
89%
2025 Paris Saint-Germain Lucas Hernandez
87%
2020 Bayern Munich Lucas Hernandez
87%
2002 Real Madrid Zinédine Zidane
87%
2024 Real Madrid Ferland Mendy
85%
2022 Real Madrid Ferland Mendy
85%
2018 Real Madrid Théo Hernandez
85%
2020 Bayern Munich Kingsley Coman
84%
2018 Real Madrid Raphaël Varane
82%
2017 Real Madrid Raphaël Varane
82%
2014 Real Madrid Raphaël Varane
82%
2021 Chelsea N'golo Kanté
81%
2013 Bayern Munich Franck Ribéry
80%
2009 FC Barcelone Thierry Henry
80%
2025 Paris Saint-Germain Warren Zaïre-Emery
80%
1996 Juventus Turin Didier Deschamps
79%
1993 Olympique de Marseille Didier Deschamps
79%
2025 Paris Saint-Germain Senny Mayulu
72%
2020 Bayern Munich Benjamin Pavard
69%
1985 Juventus Turin Michel Platini
66%
2001 Bayern Munich Bixente Lizarazu
64%
2021 Chelsea Olivier Giroud
64%
2008 Manchester United Patrice Evra
63%
1993 Olympique de Marseille Basile Boli
62%
1993 Olympique de Marseille Fabien Barthez
62%
2015 FC Barcelone Jérémy Mathieu
62%
1994 AC Milan Marcel Desailly
62%
1993 Olympique de Marseille Marcel Desailly
62%
2011 FC Barcelone Éric Abidal
61%
1959 Real Madrid Raymond Kopa
61%
1958 Real Madrid Raymond Kopa
61%
1957 Real Madrid Raymond Kopa
61%
2020 Bayern Munich Corentin Tolisso
60%
2002 Real Madrid Claude Makelélé
55%
2005 Liverpool Djibril Cissé
52%
2000 Real Madrid Nicolas Anelka
52%
2023 Manchester City Aymeric Laporte
51%
2006 FC Barcelone Ludovic Giuly
48%
2000 Real Madrid Christian Karembeu
42%
1998 Real Madrid Christian Karembeu
42%
1993 Olympique de Marseille Éric Di Meco
38%
2001 Bayern Munich Willy Sagnol
38%
2012 Chelsea Florent Malouda
37%
2021 Chelsea Kurt Zouma
31%
2008 Manchester United Mikaël Silvestre
24%
1993 Olympique de Marseille Frank Sauzée
21%
1993 Olympique de Marseille Jocelyn Angloma
17%
1993 Olympique de Marseille Pascal Olmeta
17%
1993 Olympique de Marseille Jean-Marc Ferreri
10%
1993 Olympique de Marseille Jean-Philippe Durand
10%
1993 Olympique de Marseille Bernard Casoni
8%
1993 Olympique de Marseille Jean-Jacques Eydelie
8%
1993 Olympique de Marseille Jean-Christophe Thomas
4%
Aucun quiz correspondant
Distribution des résultats
% des personnes avec chaque résultat
Percentile par nombre de réponses
Votre historique - résultats
Vous n’avez pas pris ce quiz depuis la dernière actualisation